| 000 | 01269nam a2200241Ia 4500 | ||
|---|---|---|---|
| 003 | Ost | ||
| 005 | 20260507075455.0 | ||
| 008 | 260507s9999||||xx |||||||||||||| ||und|| | ||
| 020 | _a1374009957 | ||
| 040 | _cfsecg | ||
| 041 | _aara | ||
| 082 | _a657.45 | ||
| 100 |
_aجربوع، يوسف محمود _eمؤلف |
||
| 245 | 0 |
_aمراجعة الحسابات بين النظرية و التطبيق / _c يوسف محمود جربوع |
|
| 260 |
_aعمان: _bدار الوراق للنشر و التوزيع, _c2007 |
||
| 300 |
_a726 صفحة؛ _bإيضاحات ؛ _c24 سم |
||
| 504 | _aبيبليوغرافيا ص.713 | ||
| 520 | _aيتناول هذا الكتاب المدخل في تدقيق الحسابات - انواع مراجعة الحسابات - تصحيح الاخطاء - المعايير المهنية لمرجعة الحسابات - قواعد السلوك المهني - مسؤوليات وحقوق مراجع الحسابات - الاتجاهات الحديثة في مراجعة الحسابات - مراجعة العمليات التجارية - مراجعة العمليات الصناعية | ||
| 653 | _aالمحاسبة | ||
| 653 | _aالمعايير المراجعة | ||
| 653 | _aمراجعة الحسابات | ||
| 942 | _cكتاب | ||
| 999 |
_c44662 _d44662 |
||